Normal view
MARC view
- الجرائم الجنسية-علم النفس- المشاكل الاجتماعية
Entry Topical Term
001 - CONTROL NUMBER
- control field: 61505
003 - CONTROL NUMBER IDENTIFIER
- control field: JO-AjAnu
005 - DATE AND TIME OF LATEST TRANSACTION
- control field: 20230606084041.0
008 - FIXED-LENGTH DATA ELEMENTS
- fixed length control field: 230606|| aca||aabn | a|a d
040 ## - CATALOGING SOURCE
- Original cataloging agency: JO-AjAnu
- Transcribing agency: JO-AjAnu
150 ## - HEADING--TOPICAL TERM
- Topical term or geographic name entry element: الجرائم الجنسية-علم النفس- المشاكل الاجتماعية
670 ## - SOURCE DATA FOUND
- Source citation: Work cat.: (JO-AjAnu)31372: جوني، احمد عبد الكاظم واخرون، م.مشارك مرسلينا شعبان حسن، م.مشارك علي عبدالرحيم صالح، م.مشارك نغم هادي حسين، م.مشارك حسام محمد منشد، م.مشارك زينة علي صالح الرحيم, author 61504, التحرش الجنسي: مفهومه-اسباسه-علاجه=(Concept-Causes- Treatment)Sexual Harassment